[Event "17. Open de Sants Hostafrancs 2015"]
[Site "Barcelona ESP"]
[Date "2015.08.25"]
[Round "5.45"]
[White "Perske, Thore"]
[Black "Juan Bartroli, Pau"]
[Result "1-0"]
[WhiteElo "2408"]
[BlackElo "2195"]
[PlyCount "123"]
[EventDate "2015.08.21"]
[EventType "swiss"]
[EventRounds "10"]
[EventCountry "ESP"]
[SourceTitle "Ajedrez en Madrid"]
[Source "lmi"]
[SourceDate "2015.08.21"]

1. e4 c6 2. d3 d5 3. Nd2 e5 4. Ngf3 Bd6 5. d4 exd4 6. Bd3 Bg4 7. h3 Bxf3 8.
Qxf3 Nf6 9. O-O O-O 10. exd5 cxd5 11. Nb3 Nc6 12. Bg5 Be5 13. Rfe1 Qd6 14. Re2
Nd7 15. Rae1 g6 16. Qg4 Rac8 17. Qh4 Bf6 18. Bxf6 Qxf6 19. Qxf6 Nxf6 20. Bb5
Rfe8 21. Rxe8+ Nxe8 22. Bxc6 bxc6 23. Re7 Nc7 24. Nxd4 Nb5 25. Nf3 Rc7 26. Re8+
Kg7 27. Rd8 Re7 28. Kf1 Re4 29. c3 Kf6 30. Rc8 Rc4 31. Nd2 Rc5 32. Nb3 Rc4 33.
Nd2 Rc5 34. a4 Nd6 35. Rc7 a5 36. Ke2 Ne4 37. Nb3 Rc4 38. f3 Ng3+ 39. Kf2 Nf5
40. Nxa5 Rxa4 41. Nxc6 d4 42. Nxd4 Nxd4 43. cxd4 Rxd4 44. Ke2 Rb4 45. Rc2 Rb3
46. Kd1 Kf5 47. Re2 Kf4 48. Kc2 Rb7 49. Kc3 Rc7+ 50. Kd4 Rb7 51. Kc5 Rc7+ 52.
Kb6 Rc8 53. b4 Rb8+ 54. Kc5 Rc8+ 55. Kd6 Rb8 56. Rb2 Kg3 57. b5 Rxb5 58. Rxb5
Kxg2 59. Rb7 Kxh3 60. Rxf7 h5 61. Ke5 Kg3 62. f4 1-0

[Event "17. Open de Sants Hostafrancs 2015"]
[Site "Barcelona ESP"]
[Date "2015.08.25"]
[Round "5.46"]
[White "Mullon, Jean-Baptiste"]
[Black "Forgues, Fabien"]
[Result "1/2-1/2"]
[WhiteElo "2402"]
[BlackElo "2187"]
[PlyCount "70"]
[EventDate "2015.08.21"]
[EventType "swiss"]
[EventRounds "10"]
[EventCountry "ESP"]
[SourceTitle "Ajedrez en Madrid"]
[Source "lmi"]
[SourceDate "2015.08.21"]

1. e4 e5 2. Nf3 Nc6 3. Bb5 a6 4. Ba4 Nf6 5. d3 b5 6. Bb3 Be7 7. O-O O-O 8. Nc3
d6 9. a3 h6 10. Nd5 Nxd5 11. Bxd5 Bd7 12. c3 Rb8 13. a4 Qe8 14. d4 exd4 15.
axb5 axb5 16. cxd4 Nb4 17. Bb3 c5 18. Bd2 Nc6 19. d5 Ne5 20. Nxe5 dxe5 21. Qh5
Bf6 22. Ra6 Qe7 23. Rfa1 c4 24. Bc2 b4 25. Ra7 Rfc8 26. Qf3 Qd8 27. h3 Be8 28.
Kh2 Bg5 29. Be1 Be7 30. b3 c3 31. g3 Bc5 32. R7a2 Bd6 33. Qd1 Ra8 34. Kg2 Rcb8
35. Bd3 Qc8 1/2-1/2

[Event "17. Open de Sants Hostafrancs 2015"]
[Site "Barcelona ESP"]
[Date "2015.08.25"]
[Round "5.47"]
[White "Zude, Erik"]
[Black "Steponavicius, Stasys"]
[Result "1/2-1/2"]
[WhiteElo "2398"]
[BlackElo "2180"]
[PlyCount "73"]
[EventDate "2015.08.21"]
[EventType "swiss"]
[EventRounds "10"]
[EventCountry "ESP"]
[SourceTitle "Ajedrez en Madrid"]
[Source "lmi"]
[SourceDate "2015.08.21"]

1. e4 c5 2. Nf3 Nc6 3. d4 cxd4 4. Nxd4 Nf6 5. Nc3 e5 6. Ndb5 d6 7. Bg5 a6 8.
Na3 Be6 9. Nc4 Rc8 10. Nd5 Bxd5 11. Bxf6 gxf6 12. Qxd5 Nb4 13. Qd2 d5 14. exd5
Qxd5 15. Qxd5 Nxd5 16. O-O-O Nb4 17. c3 Nc6 18. Nb6 Rd8 19. Nd5 Bh6+ 20. Kb1 f5
21. g3 f4 22. Bh3 fxg3 23. fxg3 O-O 24. Bd7 Nb8 25. Bf5 Kg7 26. Rhf1 Nc6 27. b4
Rfe8 28. Be4 Re6 29. Nc7 Rf6 30. Kc2 Rxf1 31. Rxf1 Nxb4+ 32. cxb4 Rc8 33. Rf3
Rxc7+ 34. Rc3 Rxc3+ 35. Kxc3 b6 36. a4 a5 37. bxa5 1/2-1/2

[Event "17. Open de Sants Hostafrancs 2015"]
[Site "Barcelona ESP"]
[Date "2015.08.25"]
[Round "5.48"]
[White "Cruz, Filemon"]
[Black "Moreno Martin, Daniel"]
[Result "1/2-1/2"]
[WhiteElo "2395"]
[BlackElo "2186"]
[PlyCount "36"]
[EventDate "2015.08.21"]
[EventType "swiss"]
[EventRounds "10"]
[EventCountry "ESP"]
[SourceTitle "Ajedrez en Madrid"]
[Source "lmi"]
[SourceDate "2015.08.21"]

1. Nf3 d5 2. c4 c6 3. d4 Nf6 4. e3 e6 5. Bd3 Nbd7 6. O-O Bd6 7. Nbd2 O-O 8. e4
e5 9. exd5 cxd5 10. cxd5 exd4 11. Nc4 Nc5 12. Bg5 h6 13. Nxd6 Qxd6 14. Bxf6
Qxf6 15. Bc4 d3 16. b4 Qc3 17. bxc5 Qxc4 18. Qb3 Qxc5 1/2-1/2

[Event "17. Open de Sants Hostafrancs 2015"]
[Site "Barcelona ESP"]
[Date "2015.08.25"]
[Round "5.49"]
[White "Soraas, Torben"]
[Black "Majdan-Gajewska, Joanna"]
[Result "0-1"]
[WhiteElo "2194"]
[BlackElo "2391"]
[PlyCount "116"]
[EventDate "2015.08.21"]
[EventType "swiss"]
[EventRounds "10"]
[EventCountry "ESP"]
[SourceTitle "Ajedrez en Madrid"]
[Source "lmi"]
[SourceDate "2015.08.21"]

1. e4 c5 2. Nc3 a6 3. g3 b5 4. Bg2 Bb7 5. d3 e6 6. f4 d5 7. e5 h5 8. Nh3 Ne7 9.
Ne2 Nf5 10. c3 Nc6 11. Ng5 Be7 12. h4 Qa5 13. Bd2 Rc8 14. O-O Qb6 15. Bh3 g6
16. Bxf5 gxf5 17. d4 cxd4 18. Nxd4 Nxd4 19. Be3 Nf3+ 20. Rxf3 d4 21. Bxd4 Qc6
22. Kf2 Bxg5 23. fxg5 Qxf3+ 24. Qxf3 Bxf3 25. Kxf3 O-O 26. a4 b4 27. cxb4 Rfd8
28. Bc3 Rd3+ 29. Kf2 Kg7 30. Kg2 f4 31. gxf4 Kg6 32. Rf1 Kf5 33. Rf3 Rcd8 34.
b5 axb5 35. axb5 Rxf3 36. Kxf3 Rb8 37. b4 Rxb5 38. Ke3 Rb8 39. Kd4 Kxf4 40. Be1
Rd8+ 41. Kc5 Kxe5 42. Bc3+ Kf5 43. b5 Kg4 44. Be1 Rd1 45. Bb4 Rd5+ 46. Kc6 Rxb5
47. Kxb5 Kxh4 48. Be7 Kg4 49. Kc6 h4 50. Kd7 h3 51. Ke8 h2 52. Kxf7 h1=Q 53.
Kxe6 Qh7 54. Bf6 Qg8+ 55. Ke5 Qe8+ 56. Kd6 Kf5 57. Be7 Qf7 58. Kd7 Ke5 0-1

[Event "17. Open de Sants Hostafrancs 2015"]
[Site "Barcelona ESP"]
[Date "2015.08.25"]
[Round "5.50"]
[White "Shatko, Danil"]
[Black "Hernando Rodrigo, Julio Antoni"]
[Result "1-0"]
[WhiteElo "2177"]
[BlackElo "2389"]
[PlyCount "95"]
[EventDate "2015.08.21"]
[EventType "swiss"]
[EventRounds "10"]
[EventCountry "ESP"]
[SourceTitle "Ajedrez en Madrid"]
[Source "lmi"]
[SourceDate "2015.08.21"]

1. c4 c5 2. Nf3 Nc6 3. g3 g6 4. Bg2 Bg7 5. O-O e5 6. Nc3 Nge7 7. a3 O-O 8. Rb1
a5 9. Ne1 d6 10. Nc2 Be6 11. Ne3 f5 12. d3 Nd4 13. Ned5 Nxd5 14. Nxd5 f4 15.
gxf4 Qh4 16. e3 exf4 17. exd4 f3 18. Bxf3 Bxd4 19. Bg2 Bxf2+ 20. Kh1 Bg3 21.
Rxf8+ Rxf8 22. Qg1 Bf2 23. Qf1 Bd4 24. Qe2 Bg4 25. Qe4 Be5 26. Bf4 Rxf4 27.
Nxf4 g5 28. Nh3 Bxh3 29. Qxh4 Bxg2+ 30. Kxg2 gxh4 31. b4 cxb4 32. Rb3 bxa3 33.
Rxa3 b6 34. h3 Bd4 35. Kf3 Bc5 36. Ra2 d5 37. cxd5 Kf7 38. Ke4 Kf6 39. d4 Bb4
40. Rc2 b5 41. Rc6+ Ke7 42. Rb6 Kd7 43. Rxb5 Kc7 44. Ke5 Bd6+ 45. Ke6 a4 46.
Ra5 a3 47. Ra6 Kb7 48. Ra4 1-0

[Event "17. Open de Sants Hostafrancs 2015"]
[Site "Barcelona ESP"]
[Date "2015.08.25"]
[Round "5.51"]
[White "Locatelli, Andrea"]
[Black "Gonzalez Rodriguez, Jorge A"]
[Result "0-1"]
[WhiteElo "2171"]
[BlackElo "2369"]
[PlyCount "142"]
[EventDate "2015.08.21"]
[EventType "swiss"]
[EventRounds "10"]
[EventCountry "ESP"]
[SourceTitle "Ajedrez en Madrid"]
[Source "lmi"]
[SourceDate "2015.08.21"]

1. d4 Nf6 2. Nf3 e6 3. c4 b6 4. a3 Bb7 5. Nc3 d5 6. cxd5 exd5 7. g3 Nbd7 8. Bg2
a6 9. O-O Bd6 10. Nh4 g6 11. Qb3 c6 12. e4 dxe4 13. Nxe4 Nxe4 14. Bxe4 O-O 15.
Qf3 Qc7 16. Nf5 Nf6 17. Nxd6 Qxd6 18. Bg5 Nxe4 19. Qxe4 f6 20. Bf4 Qd7 21. Rad1
g5 22. Bc1 Rad8 23. d5 cxd5 24. Qd4 b5 25. Rfe1 Rde8 26. Bd2 Qf5 27. Bc3 Kg7
28. Qa7 Qd7 29. Qd4 Qc6 30. Bb4 Rxe1+ 31. Rxe1 Rf7 32. Re7 Rxe7 33. Bxe7 Bc8
34. Bb4 Bh3 35. Qc5 Qe6 36. Qe7+ Qxe7 37. Bxe7 g4 38. Bc5 Kg6 39. f3 gxf3 40.
Kf2 Bg2 41. Ke3 Kf5 42. Bd4 Kg4 43. Bxf6 Kh3 44. Kf2 Kxh2 45. Bd4 Kh3 46. Bc3
Kg4 47. Bg7 a5 48. Bc3 a4 49. Bg7 Kf5 50. Ke3 h5 51. Bc3 Ke6 52. Bd4 Kd6 53.
Kf4 Kc6 54. Ke3 b4 55. axb4 Kb5 56. Bc3 Kc4 57. Be1 d4+ 58. Kd2 Kxb4 59. Bf2
Kc4 60. Ke1 Bh3 61. Bg1 Bf5 62. Kd2 d3 63. Bf2 Kb3 64. Bd4 f2 65. Bxf2 Kxb2 66.
Bd4+ Kb1 67. Bc5 Kb2 68. Bd4+ Kb3 69. Bc5 a3 70. Be7 Kb2 71. Bf6+ Kb1 0-1

[Event "17. Open de Sants Hostafrancs 2015"]
[Site "Barcelona ESP"]
[Date "2015.08.25"]
[Round "5.52"]
[White "Diaz Camallonga, Carles"]
[Black "Fernandez Madrid, Carlos"]
[Result "1-0"]
[WhiteElo "2358"]
[BlackElo "2168"]
[PlyCount "75"]
[EventDate "2015.08.21"]
[EventType "swiss"]
[EventRounds "10"]
[EventCountry "ESP"]
[SourceTitle "Ajedrez en Madrid"]
[Source "lmi"]
[SourceDate "2015.08.21"]

1. e4 d6 2. d4 Nf6 3. Nc3 g6 4. Nf3 Bg7 5. h3 a6 6. a4 O-O 7. Be2 Nc6 8. d5 Ne5
9. Nxe5 dxe5 10. Be3 e6 11. Qd2 exd5 12. exd5 Bf5 13. Rd1 Ne4 14. Nxe4 Bxe4 15.
f3 Bf5 16. O-O Qh4 17. a5 Rfe8 18. Bf2 Qf4 19. c3 Qxd2 20. Rxd2 Bh6 21. Rdd1
Bc2 22. Ra1 e4 23. Bg3 Re7 24. fxe4 Bxe4 25. Bf3 f5 26. Rae1 Rae8 27. Bxe4 fxe4
28. Bf4 Bg7 29. Re2 Rd7 30. Rd1 Bf8 31. Be3 Red8 32. Red2 c6 33. dxc6 Rxd2 34.
Rxd2 Rxd2 35. c7 Re2 36. c8=Q Rxe3 37. Qe6+ Kh8 38. Qe5+ 1-0

[Event "17. Open de Sants Hostafrancs 2015"]
[Site "Barcelona ESP"]
[Date "2015.08.25"]
[Round "5.53"]
[White "Alonso Garcia, Rene Marcial"]
[Black "Zoldan, Matteo"]
[Result "1-0"]
[WhiteElo "2339"]
[BlackElo "2156"]
[PlyCount "93"]
[EventDate "2015.08.21"]
[EventType "swiss"]
[EventRounds "10"]
[EventCountry "ESP"]
[SourceTitle "Ajedrez en Madrid"]
[Source "lmi"]
[SourceDate "2015.08.21"]

1. d4 Nf6 2. c4 g6 3. Nc3 Bg7 4. g3 O-O 5. Bg2 d6 6. Nf3 Nc6 7. O-O e5 8. d5
Ne7 9. e4 Nd7 10. Ne1 f5 11. Nd3 h6 12. Bd2 Nc5 13. Nxc5 dxc5 14. Be3 b6 15.
Qd2 Ba6 16. Bxh6 Bxc4 17. Rfd1 f4 18. Bg5 Bf6 19. Bxf6 Rxf6 20. b3 Ba6 21. Bf1
Bxf1 22. Rxf1 g5 23. gxf4 gxf4 24. f3 Qd7 25. Kh1 Kf7 26. Rg1 Rh8 27. Rg4 Rfh6
28. Rag1 R8h7 29. Qg2 a6 30. Rg7+ Kf8 31. Rxh7 Rxh7 32. Nd1 Qh3 33. Nf2 Qxg2+
34. Rxg2 Kf7 35. Nd3 Rh5 36. Rc2 Ng6 37. b4 Nh4 38. Ne1 cxb4 39. Rxc7+ Ke8 40.
Rc6 Rh7 41. Rxb6 Rc7 42. Kg1 Rc1 43. Kf2 Rb1 44. Nd3 Rh1 45. Nxe5 Rxh2+ 46. Kf1
Rxa2 47. d6 1-0

[Event "17. Open de Sants Hostafrancs 2015"]
[Site "Barcelona ESP"]
[Date "2015.08.25"]
[Round "5.54"]
[White "Aabling-Thomsen, Jakob"]
[Black "Podvin, Francois-Xavier"]
[Result "1-0"]
[WhiteElo "2333"]
[BlackElo "2151"]
[PlyCount "71"]
[EventDate "2015.08.21"]
[EventType "swiss"]
[EventRounds "10"]
[EventCountry "ESP"]
[SourceTitle "Ajedrez en Madrid"]
[Source "lmi"]
[SourceDate "2015.08.21"]

1. e4 c5 2. Nc3 g6 3. d4 cxd4 4. Qxd4 Nf6 5. e5 Nc6 6. Qf4 Nh5 7. Qe3 d5 8.
exd6 Qxd6 9. Ne4 Qd4 10. Bb5 Bd7 11. c3 Qxe3+ 12. Bxe3 Ne5 13. Bxd7+ Nxd7 14.
Nf3 Nhf6 15. Nxf6+ Nxf6 16. O-O-O Bg7 17. Rhe1 e6 18. Bc5 Bf8 19. Bd4 Bg7 20.
Bc5 Bf8 21. Bd4 Bg7 22. c4 O-O 23. b3 Rfd8 24. Kc2 Ne8 25. Be3 h6 26. a4 Nd6
27. Re2 b6 28. Red2 Nb7 29. Rxd8+ Rxd8 30. Rxd8+ Nxd8 31. c5 bxc5 32. Bxc5 a6
33. b4 Nb7 34. Bd4 f6 35. a5 Nd6 36. Bc5 1-0

[Event "17. Open de Sants Hostafrancs 2015"]
[Site "Barcelona ESP"]
[Date "2015.08.25"]
[Round "5.55"]
[White "Carrasco Rodriguez, Jesus"]
[Black "Colon Garcia, Enrique"]
[Result "0-1"]
[WhiteElo "2168"]
[BlackElo "2328"]
[PlyCount "40"]
[EventDate "2015.08.21"]
[EventType "swiss"]
[EventRounds "10"]
[EventCountry "ESP"]
[SourceTitle "Ajedrez en Madrid"]
[Source "lmi"]
[SourceDate "2015.08.21"]

1. e4 c5 2. c4 Nc6 3. g3 g6 4. Bg2 Bg7 5. Ne2 d6 6. Nbc3 e6 7. d3 Nge7 8. O-O
O-O 9. a3 b6 10. Rb1 Bb7 11. b4 Qd7 12. Kh1 Rac8 13. b5 Nd4 14. a4 d5 15. cxd5
exd5 16. Nxd4 cxd4 17. Nxd5 Nxd5 18. exd5 Bxd5 19. Re1 h5 20. Bg5 Bxg2+ 0-1

[Event "17. Open de Sants Hostafrancs 2015"]
[Site "Barcelona ESP"]
[Date "2015.08.25"]
[Round "5.56"]
[White "Veganzones Rojo, David"]
[Black "Sochacki, Wojtek"]
[Result "0-1"]
[WhiteElo "2149"]
[BlackElo "2324"]
[PlyCount "68"]
[EventDate "2015.08.21"]
[EventType "swiss"]
[EventRounds "10"]
[EventCountry "ESP"]
[SourceTitle "Ajedrez en Madrid"]
[Source "lmi"]
[SourceDate "2015.08.21"]

1. d4 Nf6 2. c4 e6 3. g3 d5 4. Nf3 dxc4 5. Bg2 Bd7 6. Ne5 Bc6 7. Nxc6 Nxc6 8.
O-O Qd7 9. Bg5 Nxd4 10. Bxf6 gxf6 11. e3 Nc6 12. Qa4 Nb4 13. Qxd7+ Kxd7 14.
Rd1+ Bd6 15. Na3 Rab8 16. Nxc4 Rhd8 17. a3 Nc6 18. Rac1 Ne5 19. Na5 b6 20. Nb7
Rdc8 21. f4 Ng4 22. Bc6+ Ke7 23. Rd3 f5 24. Rcd1 a5 25. Kg2 Bc5 26. Kf3 Nxh2+
27. Ke2 Ng4 28. Rd7+ Kf8 29. Nxc5 bxc5 30. R1d2 Rb3 31. R7d3 Rcb8 32. Ba4 Rxb2
33. Rd8+ Rxd8 34. Rxb2 c4 0-1

[Event "17. Open de Sants Hostafrancs 2015"]
[Site "Barcelona ESP"]
[Date "2015.08.25"]
[Round "5.57"]
[White "Ciornei, Dragos"]
[Black "Ramirez Garcia, Jorge Alberto"]
[Result "1/2-1/2"]
[WhiteElo "2136"]
[BlackElo "2321"]
[PlyCount "81"]
[EventDate "2015.08.21"]
[EventType "swiss"]
[EventRounds "10"]
[EventCountry "ESP"]
[SourceTitle "Ajedrez en Madrid"]
[Source "lmi"]
[SourceDate "2015.08.21"]

1. e4 e6 2. d4 d5 3. Nd2 c5 4. Ngf3 Nc6 5. exd5 exd5 6. Bb5 Qe7+ 7. Be2 Qc7 8.
O-O Nf6 9. Re1 Be6 10. Bb5 Qb6 11. a4 cxd4 12. Nb3 Bb4 13. Bd2 Bxd2 14. Qxd2
O-O 15. Nfxd4 Rae8 16. a5 Qc7 17. f3 Bd7 18. Bxc6 bxc6 19. Nc5 h6 20. Qc3 Rc8
21. Re7 Rfe8 22. Rae1 Qd6 23. Rxe8+ Nxe8 24. b4 Nf6 25. Qe3 Kf8 26. Qe5 Qxe5
27. Rxe5 Be8 28. Kf2 Nd7 29. Nxd7+ Bxd7 30. Nb3 Be8 31. Ke1 f6 32. Re2 Bg6 33.
Kd2 Re8 34. Rxe8+ Kxe8 35. c3 Kd7 36. Ke3 Kd6 37. Kd4 Bf5 38. g4 Bc2 39. Nc5
Bd1 40. Ke3 g5 41. Nb7+ 1/2-1/2

[Event "17. Open de Sants Hostafrancs 2015"]
[Site "Barcelona ESP"]
[Date "2015.08.25"]
[Round "5.58"]
[White "Urriza Iricibar, Pablo"]
[Black "Morales, Jhon Alexander"]
[Result "1/2-1/2"]
[WhiteElo "2140"]
[BlackElo "2308"]
[PlyCount "145"]
[EventDate "2015.08.21"]
[EventType "swiss"]
[EventRounds "10"]
[EventCountry "ESP"]
[SourceTitle "Ajedrez en Madrid"]
[Source "lmi"]
[SourceDate "2015.08.21"]

1. e4 c5 2. Nf3 Nc6 3. d4 cxd4 4. Nxd4 Nf6 5. Nc3 d6 6. f3 e5 7. Nb3 Be7 8. Be3
O-O 9. Be2 Be6 10. Nd5 Bxd5 11. exd5 Nb4 12. c4 a5 13. Qd2 b6 14. O-O Na6 15.
f4 Nc5 16. Nxc5 bxc5 17. fxe5 dxe5 18. Rxf6 gxf6 19. Bd3 Kh8 20. Qe2 Rg8 21.
Bxh7 Rg7 22. Bf5 Rb8 23. Bh6 Bf8 24. Bxg7+ Bxg7 25. Qh5+ Kg8 26. Qh7+ Kf8 27.
h4 Qb6 28. Kh1 Qb4 29. b3 Qd2 30. h5 Qf4 31. Rd1 e4 32. d6 e3 33. h6 Qh4+ 34.
Bh3 Qxh6 35. Qxh6 Bxh6 36. d7 Ke7 37. Kg1 Bf4 38. Kf1 Be5 39. Rd5 Bd4 40. Ke2
Kd8 41. Rd6 Kc7 42. Ra6 Rg8 43. Rxa5 f5 44. b4 Kxd7 45. b5 Kd6 46. Ra6+ Ke5 47.
b6 Ke4 48. a4 Be5 49. Ra7 Rd8 50. Bxf5+ Kxf5 51. Kxe3 Bf4+ 52. Kf3 Rd3+ 53. Ke2
Re3+ 54. Kf2 f6 55. a5 Rb3 56. Rc7 Ke4 57. Re7+ Kf5 58. Re8 Ra3 59. Ra8 Rb3 60.
Rc8 Ke4 61. a6 Rb2+ 62. Ke1 Rxb6 63. a7 Ra6 64. a8=Q+ Rxa8 65. Rxa8 Kd3 66.
Ra3+ Kd4 67. Kf1 Be5 68. Ke2 Kxc4 69. Ra4+ Kd5 70. Kd3 Bd4 71. Ra5 Be5 72. Ra4
Bd4 73. Ra5 1/2-1/2

[Event "17. Open de Sants Hostafrancs 2015"]
[Site "Barcelona ESP"]
[Date "2015.08.25"]
[Round "5.59"]
[White "Buijs Martin, Urtzi"]
[Black "Paramzina, Anastasya"]
[Result "0-1"]
[WhiteElo "2135"]
[BlackElo "2303"]
[PlyCount "84"]
[EventDate "2015.08.21"]
[EventType "swiss"]
[EventRounds "10"]
[EventCountry "ESP"]
[SourceTitle "Ajedrez en Madrid"]
[Source "lmi"]
[SourceDate "2015.08.21"]

1. e4 c5 2. Nc3 Nc6 3. f4 g6 4. Nf3 Bg7 5. Bb5 Nd4 6. O-O a6 7. Bc4 b5 8. Bd5
Ra7 9. d3 e6 10. Bb3 d5 11. exd5 exd5 12. Re1+ Ne7 13. Nxd5 Nxb3 14. Nxe7 Rxe7
15. axb3 O-O 16. Be3 Bxb2 17. Bxc5 Rxe1+ 18. Nxe1 Bxa1 19. Qxa1 Re8 20. Nf3 Bb7
21. Qf1 Qc7 22. d4 Qxf4 23. Ne5 Qe3+ 24. Qf2 Qc1+ 25. Qf1 Qxf1+ 26. Kxf1 f6 27.
Ng4 Kf7 28. Kf2 a5 29. Ne3 f5 30. g3 Re4 31. Ke2 f4 32. gxf4 Rxf4 33. c4 Rh4
34. cxb5 Rxh2+ 35. Kd3 Rh3 36. Ke2 Ke6 37. b6 Ba6+ 38. Kf2 Rh2+ 39. Kf3 Rb2 40.
b4 axb4 41. d5+ Kd7 42. Ke4 b3 0-1

[Event "17. Open de Sants Hostafrancs 2015"]
[Site "Barcelona ESP"]
[Date "2015.08.25"]
[Round "5.60"]
[White "Pogorelov, Ruslan"]
[Black "Duff, Rufus"]
[Result "1-0"]
[WhiteElo "2302"]
[BlackElo "2133"]
[PlyCount "57"]
[EventDate "2015.08.21"]
[EventType "swiss"]
[EventRounds "10"]
[EventCountry "ESP"]
[SourceTitle "Ajedrez en Madrid"]
[Source "lmi"]
[SourceDate "2015.08.21"]

1. c4 e6 2. Nf3 d5 3. d4 Nf6 4. Nc3 c6 5. e3 Nbd7 6. Qc2 Bd6 7. b3 O-O 8. Be2
b6 9. O-O Bb7 10. Bb2 Qe7 11. Rad1 c5 12. cxd5 exd5 13. Nh4 g6 14. Nf3 Rac8 15.
Qb1 a6 16. dxc5 bxc5 17. Rd2 Nb6 18. Rfd1 Rfd8 19. a4 Ne4 20. Nxe4 dxe4 21. Ne1
Rd7 22. a5 Na8 23. Qc1 f6 24. Bg4 f5 25. Be2 Rcd8 26. Qc3 Kf7 27. Bc4+ Ke8 28.
g3 Bc8 29. Bd5 1-0

[Event "17. Open de Sants Hostafrancs 2015"]
[Site "Barcelona ESP"]
[Date "2015.08.25"]
[Round "5.61"]
[White "Alcala Valiente, Juan Carlos"]
[Black "Vittorino, Carlo Giovanni"]
[Result "0-1"]
[WhiteElo "2133"]
[BlackElo "2301"]
[PlyCount "36"]
[EventDate "2015.08.21"]
[EventType "swiss"]
[EventRounds "10"]
[EventCountry "ESP"]
[SourceTitle "Ajedrez en Madrid"]
[Source "lmi"]
[SourceDate "2015.08.21"]

1. d4 e6 2. c4 b6 3. e4 Bb7 4. Nc3 Bb4 5. Bd3 f5 6. d5 fxe4 7. Bxe4 Nf6 8. Bg5
exd5 9. Bxd5 Qe7+ 10. Nge2 Bxc3+ 11. bxc3 Bxd5 12. cxd5 O-O 13. O-O Na6 14. a4
Nc5 15. a5 Rae8 16. Nd4 Nce4 17. Bxf6 Qxf6 18. axb6 Nxc3 0-1

[Event "17. Open de Sants Hostafrancs 2015"]
[Site "Barcelona ESP"]
[Date "2015.08.25"]
[Round "5.62"]
[White "Grollemund, Bertrand"]
[Black "Faerman, Igor"]
[Result "1-0"]
[WhiteElo "2104"]
[BlackElo "2297"]
[PlyCount "75"]
[EventDate "2015.08.21"]
[EventType "swiss"]
[EventRounds "10"]
[EventCountry "ESP"]
[SourceTitle "Ajedrez en Madrid"]
[Source "lmi"]
[SourceDate "2015.08.21"]

1. g3 Nf6 2. Bg2 c5 3. e4 Nc6 4. Ne2 g6 5. O-O Bg7 6. d3 O-O 7. Nd2 d6 8. f4
Qc7 9. Nf3 c4 10. h3 cxd3 11. cxd3 Qb6+ 12. Kh2 Bd7 13. Nc3 Rac8 14. Qe2 Qa5
15. g4 Ne8 16. Bd2 Qa6 17. a3 Nc7 18. f5 Ne5 19. Nxe5 Bxe5+ 20. Bf4 f6 21. Bxe5
dxe5 22. g5 Qd6 23. Qg4 Kg7 24. h4 Nb5 25. gxf6+ exf6 26. Nd5 Rc2 27. Rac1 Rxb2
28. a4 Nd4 29. Rc7 Kh8 30. Kh1 gxf5 31. exf5 Rxg2 32. Qxg2 Rg8 33. Rxd7 Qf8 34.
Qe4 Qh6 35. Rg1 Rxg1+ 36. Kxg1 Qc1+ 37. Kh2 Qd2+ 38. Qg2 1-0

[Event "17. Open de Sants Hostafrancs 2015"]
[Site "Barcelona ESP"]
[Date "2015.08.25"]
[Round "5.63"]
[White "Sonis, Francesco"]
[Black "Valencia Jimenez, Jose"]
[Result "0-1"]
[WhiteElo "2285"]
[BlackElo "2068"]
[PlyCount "92"]
[EventDate "2015.08.21"]
[EventType "swiss"]
[EventRounds "10"]
[EventCountry "ESP"]
[SourceTitle "Ajedrez en Madrid"]
[Source "lmi"]
[SourceDate "2015.08.21"]

1. d4 c5 2. d5 e5 3. c4 d6 4. Nc3 Be7 5. e4 Nf6 6. g3 O-O 7. Bg2 Ne8 8. Nge2
Bg5 9. f4 exf4 10. gxf4 Bf6 11. O-O Bg4 12. Qd3 Bxe2 13. Qxe2 Nd7 14. Be3 Nc7
15. Bf2 Re8 16. a4 a6 17. Bg3 Bh4 18. Bh3 Bxg3 19. hxg3 Qe7 20. Rae1 f6 21. Qg4
Rad8 22. Rf2 Kh8 23. Qd1 Rb8 24. Rh2 g6 25. Bf1 Qg7 26. Bd3 Re7 27. Qf3 Rbe8
28. Rhe2 Rg8 29. Kf2 Ne8 30. Re3 Rf8 31. R1e2 Ne5 32. Qg2 Ng4+ 33. Kf3 Nxe3 34.
Rxe3 f5 35. Qe2 Qd4 36. e5 g5 37. e6 Rg7 38. Qh2 Nf6 39. Bxf5 gxf4 40. gxf4
Qxc4 41. Qe2 Qd4 42. Qd3 Rfg8 43. Ne2 Qxa4 44. Qd2 Qa1 45. Qc1 Rg3+ 46. Kf2
Rg2+ 0-1

[Event "17. Open de Sants Hostafrancs 2015"]
[Site "Barcelona ESP"]
[Date "2015.08.25"]
[Round "5.64"]
[White "Gutierrez Clares, Joaquim"]
[Black "Finsterwalder, Sebastian"]
[Result "0-1"]
[WhiteElo "2268"]
[BlackElo "2050"]
[PlyCount "102"]
[EventDate "2015.08.21"]
[EventType "swiss"]
[EventRounds "10"]
[EventCountry "ESP"]
[SourceTitle "Ajedrez en Madrid"]
[Source "lmi"]
[SourceDate "2015.08.21"]

1. Nf3 d5 2. d4 Nf6 3. c4 c6 4. e3 Bg4 5. cxd5 Bxf3 6. Qxf3 cxd5 7. Nc3 e6 8.
Bd3 Be7 9. O-O O-O 10. Qh3 g6 11. f4 h5 12. Bd2 Nc6 13. Rac1 Rc8 14. Qf3 Kg7
15. h3 Na5 16. b3 Nc6 17. Na4 Ba3 18. Rc2 Ne7 19. Qd1 Qd6 20. Nc3 a6 21. Nb1
Rxc2 22. Qxc2 Rc8 23. Qd1 Bb4 24. Bc1 Nf5 25. a3 Ba5 26. Rf2 Ng3 27. Rc2 Qd7
28. b4 Bd8 29. b5 Rxc2 30. Qxc2 axb5 31. Nc3 Ba5 32. Nxb5 Nfe4 33. a4 Qe7 34.
Ba3 Bb4 35. Qb3 Bxa3 36. Qxa3 Qh4 37. Qb2 g5 38. fxg5 Qxg5 39. Qc1 Nf5 40. Bxe4
dxe4 41. d5 exd5 42. Qc3+ Kg6 43. Qh8 Qxe3+ 44. Kh1 Qc1+ 45. Kh2 Qh6 46. Qg8+
Qg7 47. Qb8 e3 48. Qe8 Qf6 49. Qg8+ Kh6 50. Qf8+ Kh7 51. Nc3 d4 0-1

[Event "17. Open de Sants Hostafrancs 2015"]
[Site "Barcelona ESP"]
[Date "2015.08.25"]
[Round "5.65"]
[White "Adel Lahchaichi, Oussama"]
[Black "Garnica Nebot, Esteve"]
[Result "1-0"]
[WhiteElo "2258"]
[BlackElo "2009"]
[PlyCount "69"]
[EventDate "2015.08.21"]
[EventType "swiss"]
[EventRounds "10"]
[EventCountry "ESP"]
[SourceTitle "Ajedrez en Madrid"]
[Source "lmi"]
[SourceDate "2015.08.21"]

1. c4 e5 2. g3 c6 3. Bg2 Bc5 4. Nc3 Nf6 5. e3 d5 6. cxd5 cxd5 7. d4 exd4 8.
exd4 Bb6 9. Bg5 Be6 10. Nge2 Nc6 11. O-O O-O 12. h3 h6 13. Be3 Qd7 14. Nf4 Rfe8
15. Rc1 g5 16. Nxe6 Qxe6 17. Re1 Ba5 18. Qd3 Bxc3 19. bxc3 Qd7 20. c4 dxc4 21.
Qxc4 Rac8 22. Qb5 Red8 23. Rc5 Ne8 24. Rec1 Nd6 25. Qa4 b5 26. Qb3 Na5 27. Qd5
Rxc5 28. Rxc5 Nac4 29. Bxg5 hxg5 30. Qxg5+ Kf8 31. Bc6 Qc7 32. Bxb5 Qb6 33.
Bxc4 Nxc4 34. Rxc4 Re8 35. Qc5+ 1-0